Alle "Stein"-Städte Deutschlands - Statistiken

Allgemein
  • Dieses Quiz wurde 372 mal gespielt
  • Das Durchschnittsergebnis liegt bei 8 aus 53
Antwortstatistiken
- Einwohner Stadt BL % Korrekt
Stein- 14.329 Stein BY
98%
Stein- 34.645 Steinfurt NW
62%
-stein 28.423 Idar-Oberstein RP
46%
Stein- 3.688 Steinach TH
43%
Stein- 10.236 Steinau an der Straße HE
31%
-stein 25.234 Idstein HE
30%
-stein 30.221 Taunusstein HE
25%
-stein 20.868 Traunstein BY
23%
-stein 18.111 Lahnstein RP
20%
Stein- 9.435 Steinbach-Hallenberg TH
20%
-stein 7.700 Bad Liebenstein TH
17%
-stein 10.481 Bad Staffelstein BY
17%
Stein- 10.647 Steinbach (Taunus) HE
17%
-stein 5.745 Bad Lobenstein TH
16%
-stein 24.325 Warstein NW
16%
-stein 7.710 Gerolstein RP
15%
-stein- 14.142 Hohenstein-Ernstthal SN
15%
-stein 16.540 Königstein im Taunus HE
14%
-stein 13.852 Hilpoltstein BY
13%
-stein 5.234 Pottenstein BY
12%
-stein 2.085 Königstein (Sächsische Schweiz) SN
11%
-stein- 3.938 Neckarsteinach HE
11%
-stein- 3.118 Stadtsteinach BY
11%
-stein 10.975 Lichtenstein/Sachsen SN
10%
Stein- 12.087 Steinheim an der Murr BW
10%
Stein- 12.572 Steinheim (Westfalen) NW
10%
-stein 2.926 Ulrichstein HE
10%
-stein- 15.607 Drensteinfurt NW
9%
-stein 13.673 Eppstein HE
9%
-stein 4.665 Herbstein HE
9%
-stein 6.646 Neuenstein BW
8%
-stein 8.195 Arnstein (Unterfranken) BY
7%
-stein 2.490 Betzenstein BY
7%
-stein 5.730 Grebenstein HE
7%
-stein 5.457 Niedenstein HE
7%
-stein- 8.057 Ramstein-Miesenbach RP
7%
-stein 6.412 Arnstein (Sachsen-Anhalt) ST
6%
-stein 7.748 Falkenstein/Vogtland SN
6%
-stein 5.166 Falkenstein/Harz ST
5%
-stein 4.474 Hartenstein SN
5%
-stein 3.369 Löwenstein BW
5%
-stein 2.309 Pleystein BY
5%
-stein 3.175 Bad Teinach-Zavelstein BW
4%
-stein 6.198 Beilstein BW
4%
-stein 16.305 Blaustein BW
4%
-stein 3.230 Hohnstein SN
4%
-stein 2.705 Frauenstein SN
3%
-stein 2.561 Lauterstein BW
3%
-stein 3.879 Wolkenstein SN
3%
-stein 8.625 Nierstein RP
2%
-stein 2.948 Ravenstein BW
2%
-stein 1.843 Wolfstein RP
2%
-stein 1.902 Schauenstein BY
1%
Keine übereinstimmenden Quizze gefunden
Verteilung der Resultate
Anzahl Personen mit jedem Resultat
Perzentil nach korrekt beantworteten Fragen
Ihre Resultats-Entwicklung
Sie haben dieses Quiz noch nicht gespielt